Nickel-odeon /

保存先:
書誌詳細
第一著者: Rodríguez C., Héctor, 1955-
フォーマット: 不明
言語:Spanish
出版事項: Panamá : Mariano Arosamena, 1984.
主題:
タグ: タグ追加
タグなし, このレコードへの初めてのタグを付けませんか!

MARC

LEADER 000000000a22000000004500
001 008157
041 0 |a spa 
082 0 4 |a P863.44   |b R696n 
100 1 |a Rodríguez C., Héctor,   |d 1955- 
245 1 0 |a Nickel-odeon /   |c Héctor Rodríguez C. 
260 1 |a Panamá :   |b Mariano Arosamena,   |c 1984. 
300 |a 172 páginas 
650 4 |a LITERATURA PANAMEÑA 
650 4 |a NOVELA 
999 |c 13756  |d 13756 
942 |c BK  |h P863.44 R696n  |2 z